Quizzes
Events
Quiz Creation
Community
Videos
Private Events
Remove Ads
Sign In
Join for FREE
Feedback
Dark Mode
Quiz Categories
Sports
Geography
Music
Movies
Television
Just For Fun
Miscellaneous
History
Literature
Language
Science
Gaming
Entertainment
Religion
Holiday
For Kids
Quiz Lab
Recent
Popular Today
Quiz Kudos Today
Editor Picks
Curator Picks
Quizzes by...
Day
Popularity
Type
Ratings
Length
Year
Community
Subscriptions
Recent Discussions
Orange Saloon
Badges
Playlists
Quests
Create
Leaderboards
Showdown
Live 5
Trivia Bingo
Activity
Puzzle Library
Sporcle Events
Private Events
Virtual Trivia
Globe League
Become a Host
Pub Owners
SporcleCon
Opinionation
Our Games
Videos
Blog
Mobile Apps
Partnerships
Remove Ads and Go Orange
Feedback
Entertainment
Celebrity
Famous
Musical
Broadway
Show
Quote
Comic Books
Anime
Superhero
DC Comics
Marvel
Cartoons
Animation
Entertainment
Celebrity
Famous
Musical
Broadway
Show
Quote
Comic Books
Anime
Superhero
DC Comics
Marvel
Cartoons
Animation
Random Quiz
Search Sporcle
×
Quiz Lab
Quiz Lab
Entertainment
Harry Potter
Type in answers that appear in a list
Type in answers that appear in a list
Classic
Best Score? Go Orange.
Harry Potter Death Eaters Stats
Can you name the Harry Potter Death Eaters??
By
JediKid
5m
18 Questions
112 Plays
112 Plays
112 Plays
Comments
Comments
Give Quiz Kudos
Give Quiz Kudos
-
- Ratings
hide this ad
Replay
Link that replays current quiz
Next Quiz
Link to next quiz in quiz playlist
You Got
0%
They Got
Avg Score
51%
Avg Friend Score
Upgrade to see
Score Distribution
Jump to the score distribution portion of the page
Score
0/18
Timer
05:00
0
Plays Today
Answer
% Correct
Lucius Malfoy
94.6%
Bellatrix Lestrange
89.3%
Narcissa Malfoy
88.4%
Severus Snape
65.2%
Antonin Dolohov
64.3%
Goyle, Sr.
61.6%
Gregory Goyle
60.7%
Crabbe, Sr.
60.7%
Vincent Crabbe
59.8%
Answer
% Correct
Barty Crouch, Jr.
51.8%
Fenrir Greyback
50%
Walden Macnair
45.5%
Nott
44.6%
Avery
41.1%
Pansy Parkinson
15.2%
Quirinus Quirrell
14.3%
Albert Runcorn
9.8%
Mafalda Hopkirk
7.1%
Quiz Playlist
Details
Report
Send in Message
Add To Playlist
Classic:
Type in answers that appear in a list
Last Updated: Feb 16, 2017
Quiz Scoreboard
CHALLENGE
Sign Up to Join the Scoreboard
Show All
Scores
Hide
Comments
May contain spoilers
Recently Published
Movies - When Are They Set?
by FPL_Elf
Movies
5m
Popular People in 1961
by mucciniale
History
6m
1-10 Letter E Words III
by El_Dandy
Language
2m
More to Explore
Quiz From the Vault
Featured Blog Post
Where Did the Easter Bunny Come From?
hide this ad
You Might Also Like...
Tags
Cast Quiz
Harry Potter Quiz
Character
Harry
Slytherin
Today's Top Quizzes in Entertainment
Browse Entertainment
hide this ad
Today's Top Quizzes in Harry Potter
Browse Harry Potter
Top Contributed Quizzes in Entertainment
1
Kamen Rider Motifs
2
Dragon Ball Z: Goku's Fights in Order
3
Dragon Ball Z: Mega Character Search
4
One Piece Arcs By Order III
5
Survivor Winners Logic Quiz
6
Undead Unluck Minefield
7
Criteria Quickie: Cartoon Taxonomy II
8
Marvel Characters Bunker
9
Who Wants to Be a Millionaire: Anime Edition
10
Demon Slayer 11-1
Explore More
Trending Topics
NBA
Anime
Harry Potter
Marvel
Crossword
Kpop
Disney
Song
Country
Puzzle
WWE
Soccer
The Office
NFL
Pokémon
hide this ad
More By:
JediKid
Quiz
Plays
Rating
Category
Featured
Created
Top 100 Harry Potter Characters
2,880
3.17
Entertainment
Sep 1, 2016
Avengers: Infinity War Characters
2,403
1.86
Entertainment
May 19, 2016
Captain America: Civil War Characters by GIFs
1,549
3.42
Movies
May 12, 2016
190 MCU Characters by Screen Time
1,497
3.83
Movies
Apr 20, 2019
X-Men: Days of Future Past Character Posters
1,427
4.45
Entertainment
Jul 29, 2016
Go to Creator's Profile
Score Distribution
Quiz Creator Spotlight
JediKid
Follow
Send a Message
Quizzes Created
-
Created Quiz Play Count
-
More By This Creator
Popular Quizzes Today
1
Find the US States - No Outlines Minefield
2
Find the Countries of Europe - No Outlines Minefield
3
The Countries of the World
4
Popular People in 1961
5
1-10 Letter E Words III
6
US States
7
Find the US States
8
One Thing in Common: World Cities II
More Entertainment Quizzes
Cartoon Characters By Quote
Curator's Pick
Trending Quizzes
Risky Map Clicking: Least Populous States A-Z
1-10 Letter F Words
1-10 Letter G Words
One Thing in Common: United Kingdom
Risky Map Clicking: Next State Alphabetically
Recently Updated
Leaping Animals
pecheneg
Reality TV Shows (A-Z)
bhenderson79
Rickey Henderson's Hall of Fame Teammates
pecheneg
Champions League XIs: Arsenal
pecheneg
Quick Pick: Celebrities in WWE's Hall of Fame
aduchscher
A-Z Keypad Blitz II
pecheneg
Multiple Oscar Actors
pecheneg
Mystery Phrase Blitz: Oscar 'Best Actors'
pecheneg
F. Scott Fitzgerald Novels
LTH
Pick 3 Villains
ddd62291
Trending Topics
Disney
Kpop
Anime
Crossword
Harry Potter
Marvel
NBA
Puzzle
WWE
NFL
Country
Pokémon
Soccer
Song
The Office
Your Account Isn't Verified!
In order to create a playlist on Sporcle, you need to verify the email address you used during registration. Go to your
Sporcle Settings
to finish the process.
Report this User
Report this user for behavior that violates our
Community Guidelines
.
Details:
Send Report
Go to the Sporcle.com Mobile Site →
Comments